000 00836nam a2200205 i 4500
001 24423
003 ES-MaACL
005 20250822063114.0
007 t|
008 021217s1929 sp ||||1| spa d
100 1 _aAnasagasti, Teodoro de,
_d1880-1938
_921375
245 1 0 _aArquitectura popular /
_cdiscurso de Teodoro de Anasagasti y contestación del Excmo. Señor D. Marceliano Santa María el día 24 de marzo de 1929.
260 _aMadrid :
_b[s.n.,
_c1929] (
_fTip. de la Rev. de Archivos, Bibliotecas y Museos)
300 _a39 p. ;
_c25 cm.
500 _aPrecede a tít.: Real Academia de Bellas Artes de San Fernando.
700 1 _aSanta María Sedano, Marceliano,
_d1866-1952
_9103245
710 2 _aReal Academia de Bellas Artes de San Fernando.
_96291
852 4 _aES-MaACL
_j1813-F-11
999 _c24423
_d24423